[Event "Roquetas de Mar op 35th"]
[Site "Roquetas de Mar"]
[Date "2024.01.06"]
[Round "7"]
[White "Bernal Moro, Luis Javier"]
[Black "Gomez Arce, Alejandro"]
[Result "1-0"]
[WhiteElo "2370"]
[BlackElo "2074"]
[PlyCount "75"]
[EventDate "2024.01.02"]
[EventType "swiss"]
[EventRounds "9"]
[EventCountry "ESP"]
[SourceTitle "CB02_2024"]
[SourceDate "2024.01.10"]
[SourceVersion "1"]
[SourceVersionDate "2024.01.10"]
[SourceQuality "1"]

1. c4 Nf6 2. Nf3 b6 3. g3 Bb7 4. Bg2 g6 5. 0-0 Bg7 6. d4 0-0 7. d5 Na6 8. Nc3 Nc5 9. Re1 e6 10. e4 d6 11. Rb1 a5 12. Qc2 Nfd7 13. Bg5 Bf6 14. Bd2 Ne5 15. Nxe5 Bxe5 16. Bh6 Re8 17. Qd2 Ba6 18. b3 exd5 19. Nxd5 Bb7 20. Bg5 f6 21. Be3 Bxd5 22. Qxd5+ Kg7 23. Qd2 f5 24. exf5 gxf5 25. Bxa8 Qxa8 26. Bxc5 bxc5 27. Qg5+ Kh8 28. Qxf5 Rf8 29. Qe4 Qc8 30. Kg2 Bd4 31. Re2 Qb8 32. Rd1 Qa7 33. Rd3 a4 34. Rf3 Rg8 35. Rf7 Bg7 36. Qf3 axb3 37. axb3 Be5 38. Rxe5 1-0

[Event "ESP-ch 88th"]
[Site "Marbella"]
[Date "2023.10.17"]
[Round "5"]
[White "Rodriguez Canovas, Elena"]
[Black "Gomez Arce, Alejandro"]
[Result "0-1"]
[WhiteElo "1853"]
[BlackElo "2169"]
[PlyCount "168"]
[EventDate "2023.10.13"]
[EventType "swiss"]
[EventRounds "9"]
[EventCountry "ESP"]
[SourceTitle "Mega2024 Update 01"]
[Source "Chessbase"]
[SourceDate "2023.11.12"]
[SourceVersion "1"]
[SourceVersionDate "2023.11.12"]
[SourceQuality "1"]

1. d4 d5 2. Nf3 Nf6 3. g3 c5 4. c4 dxc4 5. Qa4+ Nbd7 6. dxc5 e6 7. c6 bxc6 8. Qxc4 Bb7 9. Nc3 Be7 10. Bg2 c5 11. 0-0 0-0 12. Rd1 Qb6 13. e4 Rfd8 14. Bf4 Qb4 15. Qe2 Nb6 16. Ne1 c4 17. Nf3 Nfd7 18. a3 Qc5 19. Be3 Qa5 20. Bd4 Nc5 21. Bxc5 Qxc5 22. Rac1 Qa5 23. Nd2 Rac8 24. Bf1 Ba6 25. Nf3 Nd7 26. Na2 Nc5 27. Nc3 Nd3 28. Qc2 Nxc1 29. Rxc1 Bf6 30. Nd1 c3 31. Bxa6 Qxa6 32. Nxc3 Bxc3 33. bxc3 Qxa3 34. Nd2 h6 35. Nb1 Qe7 36. Kg2 Rc7 37. Qa4 Qd7 38. Qa5 Rdc8 39. Qa6 Qc6 40. Qe2 Qc4 41. Qe3 a5 42. Nd2 Qc5 43. Qxc5 Rxc5 44. c4 Rb8 45. Kf3 Kf8 46. Ke3 e5 47. Ra1 g6 48. Ra3 Ke7 49. Kd3 Rd8+ 50. Kc3 Rd4 51. Ra4 Rc7 52. Rxa5 Ke6 53. Ra6+ Rd6 54. Ra5 Rd4 55. Rxe5+ Kxe5 56. f4+ Ke6 57. Kxd4 Rd7+ 58. Ke3 Ra7 59. Kd4 Ra2 60. Kc3 f6 61. Kd3 Kd6 62. Kc3 g5 63. fxg5 hxg5 64. Kd3 Ra8 65. Ke3 Rh8 66. Nf1 Ke5 67. Nd2 g4 68. Nf1 Rc8 69. Nd2 Ra8 70. Kd3 Rh8 71. Nf1 Rd8+ 72. Ke3 Ra8 73. Nd2 Ra3+ 74. Ke2 Kd4 75. Ke1 Ra1+ 76. Ke2 Ra2 77. c5 Kc3 78. Ke3 Rxd2 79. Kf4 Rxh2 80. Kxg4 Kd4 81. Kf5 Rf2+ 82. Ke6 Kxe4 83. c6 Kf3 84. Kxf6 Rc2 0-1

[Event "Benalmadena Rapid op 1st"]
[Site "Benalmadena"]
[Date "2023.02.26"]
[Round "9"]
[White "Gomez Arce, Alejandro"]
[Black "Perea Fruet, Federico"]
[Result "1/2-1/2"]
[WhiteElo "2174"]
[BlackElo "1702"]
[PlyCount "62"]
[EventDate "2023.02.25"]
[EventType "swiss (rapid)"]
[EventRounds "9"]
[EventCountry "ESP"]
[SourceTitle "EXT 2024"]
[Source "ChessBase"]
[SourceDate "2023.10.10"]
[SourceVersion "1"]
[SourceVersionDate "2023.10.10"]
[SourceQuality "1"]

1. Nf3 d5 2. d4 e6 3. g3 a6 4. Bg2 Nf6 5. 0-0 b5 6. Ne5 c5 7. a4 b4 8. Nd2 Bd6 9. Nef3 Bb7 10. c3 0-0 11. cxb4 cxb4 12. Nb3 Nbd7 13. a5 Rc8 14. Bf4 Bxf4 15. gxf4 Ne4 16. e3 Bc6 17. Ne5 Nxe5 18. dxe5 Bb5 19. Re1 Qh4 20. Bxe4 dxe4 21. Nd4 Rfd8 22. Qb3 Bc4 23. Qd1 Bd3 24. Rc1 Rxc1 25. Qxc1 Rxd4 26. exd4 Qg4+ 27. Kh1 Qf3+ 28. Kg1 Qg4+ 29. Kh1 Qf3+ 30. Kg1 h5 31. Qe3 Qg4+ 1/2-1/2

[Event "Benalmadena Rapid op 1st"]
[Site "Benalmadena"]
[Date "2023.02.26"]
[Round "5"]
[White "Gomez Salva, Roberto"]
[Black "Gomez Arce, Alejandro"]
[Result "0-1"]
[WhiteElo "1663"]
[BlackElo "2174"]
[PlyCount "52"]
[EventDate "2023.02.25"]
[EventType "swiss (rapid)"]
[EventRounds "9"]
[EventCountry "ESP"]
[SourceTitle "CBM 212 Extra"]
[Source "ChessBase"]
[SourceDate "2023.03.31"]
[SourceVersion "1"]
[SourceVersionDate "2023.03.31"]
[SourceQuality "1"]

1. e4 e5 2. Nf3 Nc6 3. Bc4 Nf6 4. Ng5 d5 5. exd5 Na5 6. Bb5+ c6 7. dxc6 bxc6 8. Bd3 Nd5 9. Nf3 Nf4 10. 0-0 Nxd3 11. cxd3 Bd6 12. Re1 0-0 13. Nxe5 c5 14. Nc3 Bb7 15. Qg4 Re8 16. Nf3 Rxe1+ 17. Nxe1 Qc7 18. g3 Re8 19. Nc2 Qc6 20. Ne4 Be5 21. f4 Bd4+ 22. Nxd4 cxd4 23. b4 Rxe4 24. dxe4 Qxe4 25. Kf2 Qg2+ 26. Ke1 d3 0-1

[Event "Benalmadena Rapid op 1st"]
[Site "Benalmadena"]
[Date "2023.02.26"]
[Round "8"]
[White "Terron Elena, Francisco Miguel"]
[Black "Gomez Arce, Alejandro"]
[Result "1-0"]
[WhiteElo "2168"]
[BlackElo "2174"]
[PlyCount "61"]
[EventDate "2023.02.25"]
[EventType "swiss (rapid)"]
[EventRounds "9"]
[EventCountry "ESP"]
[SourceTitle "CBM 212 Extra"]
[Source "ChessBase"]
[SourceDate "2023.03.31"]
[SourceVersion "1"]
[SourceVersionDate "2023.03.31"]
[SourceQuality "1"]

1. d4 Nf6 2. c4 e6 3. Nc3 Bb4 4. e3 0-0 5. Bd3 c5 6. Nge2 d5 7. cxd5 cxd4 8. exd4 Nxd5 9. a3 Nxc3 10. bxc3 Be7 11. Bc2 b6 12. Qd3 g6 13. Qf3 Qc7 14. Bf4 Qc4 15. Be4 Nc6 16. Bxc6 e5 17. Bxe5 Bg4 18. Qxg4 Qxc6 19. 0-0 Rad8 20. Rfe1 Qa4 21. Ng3 f5 22. Qf3 Rfe8 23. Nxf5 gxf5 24. Qg3+ Kf7 25. Qg7+ Ke6 26. Bf6+ Kd5 27. Bxe7 Qd7 28. Qf7+ Kc6 29. Qc4+ Kb7 30. Bxd8 Rxd8 31. Qe6 1-0

[Event "Roquetas de Mar op 34th"]
[Site "Roquetas de Mar"]
[Date "2023.01.04"]
[Round "2"]
[White "Nguyen, Piotr"]
[Black "Gomez Arce, Alejandro"]
[Result "1-0"]
[WhiteElo "2431"]
[BlackElo "2147"]
[PlyCount "77"]
[EventDate "2023.01.03"]
[EventType "swiss"]
[EventRounds "9"]
[EventCountry "ESP"]
[SourceTitle "CBM 212 Extra"]
[Source "ChessBase"]
[SourceDate "2023.03.31"]
[SourceVersion "1"]
[SourceVersionDate "2023.03.31"]
[SourceQuality "1"]

1. c4 e6 2. Nc3 d5 3. d4 Nf6 4. cxd5 exd5 5. Bg5 c6 6. e3 h6 7. Bh4 Bd6 8. Bd3 0-0 9. Nge2 Re8 10. Qc2 a5 11. h3 b5 12. 0-0 a4 13. a3 Ra6 14. Rad1 Nbd7 15. Qc1 Qe7 16. e4 dxe4 17. Nxe4 Qe6 18. d5 Nxd5 19. Nd4 Bf4 20. Qc2 Qe5 21. Nxc6 Qh5 22. Bxb5 Rb6 23. Rxd5 Qxd5 24. Ne7+ Rxe7 25. Qxc8+ Kh7 26. Nc3 Qe6 27. Bxe7 Rxb5 28. Nxb5 Qxe7 29. Qc2+ g6 30. Qxa4 Bb8 31. Nc3 Ne5 32. Qe4 Qd6 33. g3 Qf6 34. Kg2 h5 35. f4 Nc6 36. Rf2 h4 37. Nd5 Qd8 38. Rc2 Na7 39. Qd4 1-0

[Event "Malaga op 16th"]
[Site "Malaga"]
[Date "2022.11.01"]
[Round "9"]
[White "Rodriguez Melendez, Juan Humbert"]
[Black "Gomez Arce, Alejandro"]
[Result "0-1"]
[WhiteElo "2157"]
[BlackElo "2127"]
[PlyCount "128"]
[EventDate "2022.10.27"]
[EventType "swiss"]
[EventRounds "9"]
[EventCountry "ESP"]
[SourceTitle "EXT 2024"]
[Source "ChessBase"]
[SourceDate "2023.10.10"]
[SourceVersion "1"]
[SourceVersionDate "2023.10.10"]
[SourceQuality "1"]

1. d4 Nf6 2. c4 e6 3. g3 c5 4. d5 exd5 5. cxd5 d6 6. Nc3 g6 7. Nf3 Bg7 8. Bg2 0-0 9. 0-0 a6 10. a4 Nbd7 11. Bf4 Qc7 12. h3 Re8 13. Qc2 Rb8 14. a5 b5 15. axb6 Nxb6 16. Nd2 Bb7 17. e4 Nfd7 18. Rfe1 Bc8 19. Bf1 Ne5 20. Be3 c4 21. f4 Ned7 22. Kh2 Nc5 23. Bf2 f5 24. e5 dxe5 25. Nxc4 Ncd7 26. Bxb6 Nxb6 27. d6 Qc5 28. Nxe5 Bxe5 29. fxe5 Rxe5 30. Qd2 Nd7 31. Na4 Qc6 32. Bg2 Qb5 33. Rxe5 Nxe5 34. Qd4 Bb7 35. Re1 Bxg2 36. Rxe5 Qf1 37. Qg1 Bxh3 38. d7 Kf7 39. b4 Qxg1+ 40. Kxg1 f4 41. Rd5 Ke7 42. gxf4 Bxd7 43. Nc5 Bb5 44. Kf2 Rf8 45. Kg3 Rf6 46. Kg4 Be2+ 47. Kg5 Bb5 48. Re5+ Kf7 49. Ne4 h6+ 50. Kg4 Re6 51. Nc5 Rxe5 52. fxe5 Ke7 53. Kf4 Bc4 54. Kg4 Be6+ 55. Kf4 g5+ 56. Ke4 Bc8 57. Kf3 h5 58. Ke4 h4 59. Kf3 g4+ 60. Kf4 g3 61. Kf3 Kf7 62. Nd3 Bb7+ 63. Ke3 h3 64. e6+ Ke7 0-1

[Event "Malaga op 16th"]
[Site "Malaga"]
[Date "2022.10.31"]
[Round "8"]
[White "Alvarez Sanchez, David"]
[Black "Gomez Arce, Alejandro"]
[Result "0-1"]
[WhiteElo "1828"]
[BlackElo "2127"]
[PlyCount "100"]
[EventDate "2022.10.27"]
[EventType "swiss"]
[EventRounds "9"]
[EventCountry "ESP"]
[SourceTitle "EXT 2024"]
[Source "ChessBase"]
[SourceDate "2023.10.10"]
[SourceVersion "1"]
[SourceVersionDate "2023.10.10"]
[SourceQuality "1"]

1. d4 Nf6 2. Bf4 b6 3. e3 Bb7 4. a4 a6 5. h3 e6 6. Nf3 Bd6 7. Bxd6 cxd6 8. Be2 d5 9. 0-0 0-0 10. c4 dxc4 11. Bxc4 Nc6 12. Nc3 d5 13. Bd3 Qd6 14. Rc1 Rfc8 15. Qe2 Qb4 16. Rfd1 g6 17. h4 Kg7 18. g3 Qd6 19. Bb1 Re8 20. Kg2 Rac8 21. Bd3 Nb4 22. Bb1 h5 23. Ne5 Nd7 24. f4 Nf6 25. Qf3 Re7 26. g4 hxg4 27. Nxg4 Nh5 28. Ne5 Rh8 29. Kh3 Bc6 30. Rg1 Be8 31. Rg2 Kf8 32. Rcg1 Qd8 33. Ne2 Rc7 34. Rg4 Ng7 35. Ng3 Nc6 36. Rg5 Ne7 37. Kg2 f6 38. Rg4 fxe5 39. fxe5+ Nef5 40. h5 gxh5 41. Rf4 Bg6 42. e4 dxe4 43. Nxe4 Rf7 44. Nf6 Rxf6 45. exf6 Qxf6 46. Qa8+ Be8 47. Rgf1 Qg5+ 48. Kf3 Kf7 49. d5 Qg3+ 50. Ke4 Qe3# 0-1

[Event "Malaga op 16th"]
[Site "Malaga"]
[Date "2022.10.30"]
[Round "5"]
[White "Gomez Arce, Alejandro"]
[Black "Martin Carmona, Gaston Manuel"]
[Result "0-1"]
[WhiteElo "2127"]
[BlackElo "2335"]
[PlyCount "110"]
[EventDate "2022.10.27"]
[EventType "swiss"]
[EventRounds "9"]
[EventCountry "ESP"]
[SourceTitle "EXT 2024"]
[Source "ChessBase"]
[SourceDate "2023.10.10"]
[SourceVersion "1"]
[SourceVersionDate "2023.10.10"]
[SourceQuality "1"]

1. d4 Nf6 2. c4 c6 3. Nf3 d5 4. g3 e6 5. Bg2 Nbd7 6. 0-0 dxc4 7. a4 a5 8. Na3 Bxa3 9. Rxa3 0-0 10. Qc2 b5 11. e4 b4 12. Ra1 h6 13. Rd1 Ba6 14. Bf4 Qe7 15. Ne5 Nxe5 16. dxe5 Nd7 17. g4 Nc5 18. Rd6 Nd3 19. Bg3 f6 20. exf6 Qxf6 21. e5 Nxe5 22. Qe4 Nd3 23. Rb1 Nf4 24. Bf1 Kh8 25. Bxc4 Bxc4 26. Qxc4 Qg6 27. Re1 Qxg4 28. Qxc6 Nh3+ 29. Kh1 Rac8 30. Qb7 Rc7 31. Qg2 Rc2 32. Rf1 Rxb2 33. f3 Rxg2 34. fxg4 Rxf1+ 35. Kxg2 Ra1 36. Kxh3 Rxa4 37. Be5 Ra3+ 38. Kh4 Re3 39. Rxe6 Kg8 40. Re7 Kf8 41. Rxg7 Rxe5 42. Rb7 Kg8 43. Kg3 Re2 44. h4 Re5 45. Kf4 Rc5 46. Ke4 Rc4+ 47. Kf5 a4 48. g5 hxg5 49. hxg5 b3 50. g6 Rc5+ 51. Kf6 Rc6+ 52. Kg5 Rc8 53. Kh6 Ra8 54. g7 Ra6+ 55. Kg5 a3 0-1

[Event "ESP-ch U16 Rapid"]
[Site "Salobrena"]
[Date "2022.07.31"]
[Round "9"]
[White "Gomez Arce, Alejandro"]
[Black "Robledo Sanchez, Saul"]
[Result "0-1"]
[WhiteElo "1542"]
[BlackElo "1436"]
[PlyCount "144"]
[EventDate "2022.07.30"]
[EventType "swiss (rapid)"]
[EventRounds "9"]
[EventCountry "ESP"]
[SourceTitle "EXT 2023"]
[Source "ChessBase"]
[SourceDate "2022.10.05"]
[SourceVersion "1"]
[SourceVersionDate "2022.10.05"]
[SourceQuality "1"]

1. e3 Nf6 2. Nf3 g6 3. b3 Bg7 4. Bb2 0-0 5. c4 d6 6. d4 Bg4 7. h3 Bxf3 8. Qxf3 c6 9. Nc3 Nbd7 10. Rd1 Qc7 11. Be2 e5 12. 0-0 Rfe8 13. dxe5 dxe5 14. Ne4 Nxe4 15. Qxe4 Rad8 16. b4 f5 17. Qc2 Qb6 18. a3 Qc7 19. c5 Nf6 20. Bc4+ Kh8 21. Rxd8 Rxd8 22. Rd1 Rxd1+ 23. Qxd1 Qd7 24. Qxd7 Nxd7 25. Be6 Nb8 26. e4 fxe4 27. Kf1 b6 28. Ke2 bxc5 29. bxc5 Na6 30. Bd7 Nxc5 31. Bxc6 Kg8 32. a4 Kf7 33. Ba3 Bf8 34. Bd5+ Kf6 35. a5 Na4 36. Bxf8 Nc3+ 37. Ke3 Nxd5+ 38. Kxe4 Ke6 39. Bg7 Nc3+ 40. Kd3 Nd5 41. g3 a6 42. Kc4 Kd6 43. Bf8+ Kc6 44. h4 Nf6 45. Bc5 Ne4 46. Bb6 Nd6+ 47. Kd3 Kd5 48. Bc7 Ne4 49. Ke3 Nc5 50. Bb6 Ne6 51. Kf3 h5 52. Ke3 Ng7 53. Ke2 Nf5 54. Kf3 Ng7 55. Bd8 Ne6 56. Bf6 Nd4+ 57. Ke3 Nc6 58. f4 e4 59. Bc3 Ne7 60. Be5 Nf5+ 61. Kf2 Kc4 62. Bc7 Kd3 63. Bb6 e3+ 64. Kf3 e2 65. Bf2 Kd2 66. g4 hxg4+ 67. Kxg4 Nd4 68. Kg5 Ne6+ 69. Kxg6 Nxf4+ 70. Kf5 Nh5 71. Kg6 Nf4+ 72. Kg5 Nh3+ 0-1

[Event "ESP-ch U16 Rapid"]
[Site "Salobrena"]
[Date "2022.07.30"]
[Round "3"]
[White "Moreno Diepa, Diego"]
[Black "Gomez Arce, Alejandro"]
[Result "1-0"]
[WhiteElo "1748"]
[BlackElo "1542"]
[PlyCount "67"]
[EventDate "2022.07.30"]
[EventType "swiss (rapid)"]
[EventRounds "9"]
[EventCountry "ESP"]
[SourceTitle "EXT 2023"]
[Source "ChessBase"]
[SourceDate "2022.10.05"]
[SourceVersion "1"]
[SourceVersionDate "2022.10.05"]
[SourceQuality "1"]

1. e4 e5 2. Nf3 Nc6 3. Bc4 Bc5 4. c3 Nf6 5. d3 d6 6. a4 a5 7. 0-0 0-0 8. Nbd2 h6 9. Re1 Be6 10. Bb3 Qb8 11. Nf1 Qa7 12. Ne3 Bxb3 13. Qxb3 Ne7 14. h3 Ng6 15. Qc2 Rad8 16. Rb1 c6 17. Nf5 Bb6 18. b4 Rfe8 19. bxa5 Qxa5 20. Qb3 Ba7 21. Bxh6 gxh6 22. Nxh6+ Kh7 23. Qxf7+ Kxh6 24. Rxb7 Re7 25. Rxe7 Nxe7 26. Qxe7 Ng8 27. Qg5+ Kh7 28. Qf5+ Kh6 29. Ng5 Qb6 30. h4 Rd7 31. Qe6+ Kh5 32. g4+ Kxh4 33. Nf3+ Kh3 34. g5# 1-0

[Event "ESP-ch U16"]
[Site "Salobrena"]
[Date "2022.07.27"]
[Round "4"]
[White "Bernado Lopez, Roger"]
[Black "Gomez Arce, Alejandro"]
[Result "1/2-1/2"]
[WhiteElo "2315"]
[BlackElo "2111"]
[PlyCount "60"]
[EventDate "2022.07.25"]
[EventType "swiss"]
[EventRounds "9"]
[EventCountry "ESP"]
[SourceTitle "EXT 2023"]
[Source "ChessBase"]
[SourceDate "2022.10.05"]
[SourceVersion "1"]
[SourceVersionDate "2022.10.05"]
[SourceQuality "1"]

1. e4 e5 2. Nf3 Nc6 3. Bb5 a6 4. Ba4 Nf6 5. d3 d6 6. 0-0 g6 7. c4 Bg7 8. Nc3 0-0 9. h3 Bd7 10. Be3 Re8 11. a3 Ne7 12. Bxd7 Nxd7 13. d4 exd4 14. Bxd4 Ne5 15. Nxe5 dxe5 16. Be3 Nc6 17. b4 Nd4 18. c5 c6 19. Na4 Qh4 20. Qg4 Qxg4 21. hxg4 Nc2 22. Rad1 Nxa3 23. Rd7 Rab8 24. Rfd1 Nc2 25. Rc7 Rec8 26. Rxc8+ Rxc8 27. Rd7 Rb8 28. Bd2 Kf8 29. Bc3 Ke8 30. Nb6 h6 1/2-1/2

[Event "Andalusia-ch U18"]
[Site "Salobrena"]
[Date "2022.06.30"]
[Round "1"]
[White "Gaspar Lopez, Rocio"]
[Black "Gomez Arce, Alejandro"]
[Result "1/2-1/2"]
[WhiteElo "1694"]
[BlackElo "2111"]
[PlyCount "92"]
[EventDate "2022.06.30"]
[EventType "swiss"]
[EventRounds "6"]
[EventCountry "ESP"]
[SourceTitle "EXT 2023"]
[Source "ChessBase"]
[SourceDate "2022.10.05"]
[SourceVersion "1"]
[SourceVersionDate "2022.10.05"]
[SourceQuality "1"]

1. e4 e5 2. Nf3 Nc6 3. Bc4 Nf6 4. d3 Bc5 5. c3 d6 6. 0-0 0-0 7. h3 a5 8. Nbd2 h6 9. Re1 Be6 10. Bxe6 fxe6 11. a4 Ne7 12. Nf1 Ng6 13. Ng3 Nh7 14. d4 exd4 15. cxd4 Bb4 16. Re2 Nf4 17. Bxf4 Rxf4 18. Qb3 Qd7 19. Nh5 Rf7 20. Ne1 Bxe1 21. Raxe1 Rff8 22. Rc1 Rab8 23. Qg3 Qf7 24. Qg4 b5 25. Rc3 Kh8 26. Rf3 Nf6 27. Nxf6 gxf6 28. Qf4 Kh7 29. e5 dxe5 30. dxe5 f5 31. Rd3 Rfd8 32. Red2 Qe7 33. Rxd8 Rxd8 34. axb5 Rg8 35. Rd3 Rg7 36. Qc4 Qe8 37. Qb3 Qa8 38. Rg3 Rxg3 39. fxg3 Qa7+ 40. Kh2 Qb6 41. Qc4 Kg7 42. Qc6 Kg6 43. Qe8+ Kg7 44. Qe7+ Kg8 45. Qe8+ Kg7 46. Qe7+ Kg8 1/2-1/2

[Event "Malaga op 15th"]
[Site "Malaga"]
[Date "2021.10.31"]
[Round "6"]
[White "Ramos Moreno, Francisco Jose"]
[Black "Gomez Arce, Alejandro"]
[Result "1-0"]
[WhiteElo "2088"]
[BlackElo "1813"]
[PlyCount "71"]
[EventDate "2021.10.29"]
[EventType "swiss"]
[EventRounds "7"]
[EventCountry "ESP"]
[SourceTitle "CBM 204 Extra"]
[Source "ChessBase"]
[SourceDate "2021.11.30"]
[SourceVersion "1"]
[SourceVersionDate "2021.11.30"]
[SourceQuality "1"]

1. e4 c5 2. Nf3 g6 3. d4 cxd4 4. Qxd4 Nf6 5. Nc3 Nc6 6. Qa4 d6 7. e5 dxe5 8. Nxe5 Bg7 9. Bb5 0-0 10. Nxc6 bxc6 11. Bxc6 Bd7 12. Bxd7 Nxd7 13. 0-0 Nb6 14. Qh4 Qc7 15. Bh6 Qc4 16. Qxc4 Nxc4 17. Bxg7 Kxg7 18. Na4 Rfd8 19. Rfd1 Nd2 20. b3 Rd6 21. f3 Rad8 22. Re1 e6 23. Re2 Kf8 24. Rc1 Ke7 25. Kf2 g5 26. Nb2 Rc6 27. Ke1 g4 28. Rxd2 Rg8 29. Kf2 Rc5 30. f4 Rh5 31. Kg1 g3 32. h3 Rf5 33. Rd4 f6 34. Rcd1 Kf7 35. Nc4 e5 36. Nd6+ 1-0

[Event "Casabermeja op"]
[Site "Casabermeja"]
[Date "2021.09.11"]
[Round "4"]
[White "Gomez Arce, Alejandro"]
[Black "Serrano Almendros, Alejandro"]
[Result "0-1"]
[WhiteElo "1720"]
[BlackElo "2166"]
[PlyCount "58"]
[EventDate "2021.09.09"]
[EventType "swiss"]
[EventRounds "7"]
[EventCountry "ESP"]
[SourceTitle "CBM 204 Extra"]
[Source "ChessBase"]
[SourceDate "2021.11.30"]
[SourceVersion "1"]
[SourceVersionDate "2021.11.30"]
[SourceQuality "1"]

1. d4 e6 2. c4 Nf6 3. Nc3 d5 4. cxd5 exd5 5. Bg5 c6 6. e3 Bd6 7. Bd3 0-0 8. Qc2 h6 9. Bh4 a5 10. Nge2 Na6 11. a3 Re8 12. Bg3 Nc7 13. 0-0 Ne6 14. f3 c5 15. Bxd6 Qxd6 16. Bb5 Re7 17. Rfe1 Bd7 18. Rad1 Bc6 19. Kh1 Rae8 20. e4 cxd4 21. exd5 Bxb5 22. dxe6 Bxe2 23. exf7+ Kxf7 24. Rxe2 dxc3 25. Rxd6 Rxe2 26. Qb3+ Kf8 27. h4 c2 28. Rxf6+ gxf6 29. Qc3 c1Q+ 0-1